Southville International School and Colleges
Your cart is empty.
  • Cart
  • Lists
    Public lists Eva Luna New books Lux_list list_1
    Your lists Log in to create your own lists
  • Log in to your account
  • Your cookies
  • Search history
Southville International School and Colleges
  • Advanced search
  • Recent comments
  • Most popular
  • Libraries

Log in to your account

Log in with GOOGLE


If you do not have an external account, but do have a local account, you can still log in:

  1. Home
  2. MARC view: The Capital of play/
Normal view MARC view ISBD view

The Capital of play/ (Record no. 361529)

[ view plain ]
MARC details
000 -LEADER
fixed length control field 00427nam a2200157Ia 4500
008 - FIXED-LENGTH DATA ELEMENTS--GENERAL INFORMATION
fixed length control field 190423s9999 xx 000 0 und d
100 ## - MAIN ENTRY--PERSONAL NAME
Personal name Fitterman, Lisa
245 #4 - TITLE STATEMENT
Title The Capital of play/
245 ## - TITLE STATEMENT
Statement of responsibility, etc Lisa Fitterman
260 ## - PUBLICATION, DISTRIBUTION, ETC. (IMPRINT)
Name of publisher, distributor, etc Reader's Digest Asia
260 ## - PUBLICATION, DISTRIBUTION, ETC. (IMPRINT)
Date of publication, distribution, etc 2018
300 ## - PHYSICAL DESCRIPTION
Extent Pages 96-103, November 2018
440 ## - SERIES STATEMENT/ADDED ENTRY--TITLE
Title Asia Reader's Digest: Health Truths About Salts
Volume number/sequential designation 114:669
650 ## - SUBJECT ADDED ENTRY--TOPICAL TERM
Topical term or geographic name as entry element Lego
650 ## - SUBJECT ADDED ENTRY--TOPICAL TERM
Topical term or geographic name as entry element Play
Holdings
Withdrawn status Lost status Damaged status Home library Current library Date acquired Total Checkouts Date last seen Price effective from Koha item type
          04/23/2019   04/23/2019 04/23/2019 Periodicals

The Capital of play/

APA

Fitterman L., .The Capital of play. : Reader's Digest Asia.

Chicago

Fitterman Lisa, .The Capital of play. : Reader's Digest Asia.

Harvard

Fitterman L., .The Capital of play. : Reader's Digest Asia.

MLA

Fitterman Lisa, .: Reader's Digest Asia. .

  • Place hold
  • Print
  • Cite
  • Add to your cart (remove)
  • Save record
    BIBTEX Dublin Core MARCXML MARC (non-Unicode/MARC-8) MARC (Unicode/UTF-8) MARC (Unicode/UTF-8, Standard) MODS (XML) RIS
  • More searches
    Search for this title in:
    Other Libraries (WorldCat) Other Databases (Google Scholar) Online Stores (Bookfinder.com) Open Library (openlibrary.org)

Exporting to Dublin Core...

SOUTHVILLE LIBRARY

Southville International School and Colleges Library

1281 Tropical Ave. Cor. Luxembourg St., BF Homes International, Las Pinas City

Tel. No. 8256374 / 252358 Loc. 117/146

Powered by Koha